[Event "2010 Calgary Reserves"]
[Site "Calgary"]
[Date "2010.01.12"]
[Round "2"]
[White "McKay, Tom"]
[Black "MacFie, Bob"]
[Result "0-1"]
[WhiteElo "1644"]
[BlackElo "1804"]
[PlyCount "122"]
[EventDate "2010.01.05"]
[EventType "swiss"]
[EventRounds "5"]
[EventCountry "CAN"]

1. d4 d5 2. c4 Nc6 3. Nf3 Bg4 4. e3 e6 5. Nc3 Bb4 6. a3 Bxc3+ 7. bxc3 Nf6 8.
Be2 O-O 9. Nd2 Bxe2 10. Qxe2 Na5 11. Rb1 Rb8 12. O-O c6 13. Re1 Qc7 14. f3 dxc4
15. Nxc4 Nd5 16. Bb2 Nxc4 17. Qxc4 b5 18. Qd3 Nb6 19. e4 Nc4 20. Qc2 Rfd8 21.
Bc1 h6 22. e5 Qe7 23. Ra1 Kh8 24. Qe4 c5 25. a4 bxa4 26. Rxa4 Nb6 27. Ra2 cxd4
28. cxd4 Qb4 29. Rxa7 Rxd4 30. Qe2 Nd7 31. Kf1 Qb5 32. Qxb5 Rxb5 33. Rc7 Nxe5
34. Rc2 Rd7 35. Bb2 Nd3 36. Ree2 Nxb2 37. Rxb2 Rxb2 38. Rxb2 Kh7 39. Ke2 Kg6
40. h4 h5 41. Rb5 f5 42. Re5 Kf6 43. Ra5 g5 44. hxg5+ Kxg5 45. g3 Rh7 46. Ra4
h4 47. Rxh4 Rxh4 48. gxh4+ Kxh4 49. Kf2 e5 50. Kg2 Kg5 51. Kg3 Kf6 52. Kf2 Ke6
53. Ke2 Kd5 54. Kd3 f4 55. Ke2 Kc4 56. Kd2 Kd4 57. Ke2 Kc4 58. Ke1 Kd3 59. Kf2
Kd2 60. Kf1 Ke3 61. Kg2 Ke2 0-1

[Event "2010 Calgary Reserves"]
[Site "Calgary"]
[Date "2010.01.12"]
[Round "2"]
[White "Milne, Arthur"]
[Black "Kuczaj, Chris"]
[Result "0-1"]
[WhiteElo "1892"]
[BlackElo "1785"]
[PlyCount "40"]
[EventDate "2010.01.05"]
[EventType "swiss"]
[EventRounds "5"]
[EventCountry "CAN"]

1. b3 e5 2. Bb2 Nf6 3. Bxe5 Nc6 4. Bb2 d5 5. e3 Bd6 6. Nf3 O-O 7. Be2 Qe7 8.
O-O Bg4 9. d3 Rad8 10. Nbd2 Rfe8 11. Re1 a6 12. Nf1 h6 13. Ng3 Nh7 14. Nd4 Bxe2
15. Nxc6 bxc6 16. Qxe2 g6 17. Qg4 h5 18. Qa4 Qe6 19. Qxa6 h4 20. Nf1 Ra8 0-1

[Event "2010 Calgary Reserves"]
[Site "Calgary"]
[Date "2010.01.12"]
[Round "2"]
[White "Williams, Phil"]
[Black "Cai, Tony"]
[Result "0-1"]
[WhiteElo "1419"]
[BlackElo "1770"]
[PlyCount "76"]
[EventDate "2010.01.05"]
[EventType "swiss"]
[EventRounds "5"]
[EventCountry "CAN"]

1. e4 c5 2. Nf3 Nc6 3. d4 cxd4 4. Nxd4 Nf6 5. Nc3 e5 6. Nf3 Bb4 7. Nd2 d6 8.
Nd5 Bxd2+ 9. Bxd2 Nxe4 10. Be3 Be6 11. Bb5 O-O 12. O-O f5 13. f4 a6 14. Bxc6
bxc6 15. Nb4 Qc7 16. fxe5 dxe5 17. Nd3 Rad8 18. Qe1 Bd5 19. b3 Be6 20. Qb4 Qb8
21. Bc5 Nxc5 22. Qxb8 Rxb8 23. Nxc5 Bc8 24. Rad1 Rb5 25. Nd7 Bxd7 26. Rxd7 Rd5
27. Rd1 Rxd1+ 28. Rxd1 e4 29. Kf2 Rc8 30. Rd7 c5 31. Ke3 Rc6 32. g4 g6 33. g5
Rc8 34. Ra7 Rf8 35. Kf4 Re8 36. Ke3 f4+ 37. Kxf4 e3 38. Rd7 e2 0-1

[Event "2010 Calgary Reserves"]
[Site "Calgary"]
[Date "2010.01.19"]
[Round "3"]
[White "Borowski, Ted"]
[Black "Williams, Phil"]
[Result "1-0"]
[WhiteElo "1557"]
[BlackElo "1419"]
[PlyCount "30"]
[EventDate "2010.01.05"]
[EventType "swiss"]
[EventRounds "5"]
[EventCountry "CAN"]

1. d4 Nf6 2. Bg5 d5 3. g3 Ne4 4. Bf4 Nd7 5. f3 Nef6 6. Nc3 c6 7. e4 e6 8. e5
Nh5 9. Be3 g6 10. Qd2 h6 11. g4 Ng7 12. O-O-O g5 13. h4 f6 14. hxg5 fxg5 15.
Bxg5 Qxg5 1-0

[Event "2010 Calgary Reserves"]
[Site "Calgary"]
[Date "2010.01.19"]
[Round "3"]
[White "Cai, Tony"]
[Black "Bogoev, Yassen"]
[Result "0-1"]
[WhiteElo "1770"]
[BlackElo "1547"]
[PlyCount "70"]
[EventDate "2010.01.05"]
[EventType "swiss"]
[EventRounds "5"]
[EventCountry "CAN"]

1. d4 d6 2. e4 Nf6 3. Nc3 e5 4. d5 Be7 5. f3 Nbd7 6. Be3 O-O 7. Bd3 Nb6 8. Bb5
Nh5 9. Qd2 Nf4 10. O-O-O f5 11. g3 Ng6 12. Nge2 f4 13. gxf4 exf4 14. Bd4 Ne5
15. Rdf1 Bh3 16. Rfg1 Rf7 17. Nxf4 Nxf3 18. Qe3 Nxg1 19. Rxg1 Bg5 20. Nce2 Bc8
21. Qg3 Bf6 22. Ne6 Qe7 23. Be8 Qxe8 24. Bxf6 g6 25. N2d4 Bxe6 26. Nxe6 Rxf6
27. Nxc7 Qxe4 28. Re1 Qf4+ 29. Qxf4 Rxf4 30. Nxa8 Nxa8 31. Re7 Nb6 32. Rxb7 Nc4
33. c3 Rf1+ 34. Kc2 Rf2+ 35. Kb3 Rxb2+ 0-1

[Event "2010 Calgary Reserves"]
[Site "Calgary"]
[Date "2010.01.19"]
[Round "3"]
[White "Kuczaj, Chris"]
[Black "MacFie, Bob"]
[Result "1/2-1/2"]
[WhiteElo "1785"]
[BlackElo "1804"]
[PlyCount "25"]
[EventDate "2010.01.05"]
[EventType "swiss"]
[EventRounds "5"]
[EventCountry "CAN"]

1. Nf3 Nc6 2. c4 e5 3. Nc3 Nf6 4. g3 Nd4 5. Bg2 Nxf3+ 6. Bxf3 c6 7. Bg2 Be7 8.
b3 d5 9. cxd5 Nxd5 10. O-O Nxc3 11. dxc3 Bf5 12. Bb2 O-O 13. c4 1/2-1/2

[Event "2010 Calgary Reserves"]
[Site "Calgary"]
[Date "2010.01.19"]
[Round "3"]
[White "Le Bigot, Steve"]
[Black "Milne, Arthur"]
[Result "0-1"]
[WhiteElo "1749"]
[BlackElo "1892"]
[PlyCount "75"]
[EventDate "2010.01.05"]
[EventType "swiss"]
[EventRounds "5"]
[EventCountry "CAN"]

1. d4 Nc6 2. c4 e5 3. d5 Nce7 4. e4 Ng6 5. Be3 Nf6 6. Bd3 Bb4+ 7. Nd2 a5 8.
Ngf3 O-O 9. a3 Bxd2+ 10. Qxd2 Ng4 11. O-O Nxe3 12. Qxe3 d6 13. b4 Nf4 14. Bc2
f5 15. Nd2 Qg5 16. Qf3 Nxd5 17. cxd5 Qxd2 18. Bd3 fxe4 19. Qxe4 Bf5 20. Rad1
Qg5 21. Qe3 Qxe3 22. fxe3 Bxd3 23. Rxd3 Rxf1+ 24. Kxf1 axb4 25. axb4 Kf7 26.
Rc3 Rc8 27. e4 Ke7 28. Ke2 Kd7 29. Ra3 c6 30. Rc3 cxd5 31. Rxc8 Kxc8 32. exd5
Kc7 33. Kd3 Kb6 34. Kc4 e4 35. Kd4 Kb5 36. Kxe4 Kxb4 37. Kf5 Kc5 38. Ke6 0-1

[Event "2010 Calgary Reserves"]
[Site "Calgary"]
[Date "2010.01.19"]
[Round "3"]
[White "Watson, Walter"]
[Black "Kalaydina, Nicka"]
[Result "0-1"]
[WhiteElo "1952"]
[BlackElo "1899"]
[PlyCount "52"]
[EventDate "2010.01.05"]
[EventType "swiss"]
[EventRounds "5"]
[EventCountry "CAN"]

1. c4 e5 2. g3 Nf6 3. Bg2 d5 4. cxd5 Nxd5 5. Nc3 Nb6 6. Nf3 Nc6 7. O-O Be7 8.
a3 a5 9. d3 O-O 10. Be3 Be6 11. Bxb6 cxb6 12. Rc1 Qc7 13. Re1 f6 14. Qa4 Bc5
15. Qb5 Qf7 16. Na4 Na7 17. Rxc5 Nxb5 18. Nxb6 Rad8 19. Rxb5 Qc7 20. Nd2 Rfe8
21. Ndc4 Bxc4 22. Nxc4 e4 23. Rc1 exd3 24. Rxb7 Qxb7 25. Bxb7 dxe2 26. Ne3 Rxe3
0-1

[Event "2010 Calgary Reserves"]
[Site "Calgary"]
[Date "2010.01.19"]
[Round "3"]
[White "Wojtas, Artur"]
[Black "Ali, Abdelmanan"]
[Result "1-0"]
[WhiteElo "1888"]
[BlackElo "1397"]
[PlyCount "33"]
[EventDate "2010.01.05"]
[EventType "swiss"]
[EventRounds "5"]
[EventCountry "CAN"]

1. e4 e5 2. Nf3 Nc6 3. Bb5 Nge7 4. c3 a6 5. Ba4 d5 6. Nxe5 dxe4 7. O-O b5 8.
Nxc6 Nxc6 9. Bc2 f5 10. Re1 Be7 11. Qh5+ g6 12. Qh6 Bf6 13. d3 Ne5 14. dxe4 f4
15. Bb3 Ng4 16. Qxf4 Be5 17. Qf7# 1-0

[Event "2010 Calgary Reserves"]
[Site "Calgary"]
[Date "2010.01.26"]
[Round "4"]
[White "Bogoev, Yassen"]
[Black "Milne, Arthur"]
[Result "0-1"]
[WhiteElo "1547"]
[BlackElo "1892"]
[PlyCount "60"]
[EventDate "2010.01.05"]
[EventType "swiss"]
[EventRounds "5"]
[EventCountry "CAN"]

1. e4 c5 2. b4 cxb4 3. a3 bxa3 4. Nxa3 Nc6 5. d4 d5 6. e5 e6 7. f4 Qa5+ 8. Kf2
Nh6 9. Bd2 Qd8 10. c3 Be7 11. Bd3 O-O 12. Ne2 Ng4+ 13. Kf3 Nh6 14. g4 f6 15.
exf6 gxf6 16. f5 Nf7 17. fxe6 Bxe6 18. h4 Nfe5+ 19. dxe5 Nxe5+ 20. Ke3 Nxg4+
21. Kf3 Ne5+ 22. Ke3 Nxd3 23. Kxd3 Bf5+ 24. Ke3 Bxa3 25. Qb3 Qb6+ 26. Qxb6 axb6
27. Nd4 Bc5 28. Rag1+ Kf7 29. Kf4 Be4 30. Rh2 Bd6+ 0-1

[Event "2010 Calgary Reserves"]
[Site "Calgary"]
[Date "2010.01.26"]
[Round "4"]
[White "Kuczaj, Chris"]
[Black "Louise, Samer"]
[Result "1-0"]
[WhiteElo "1785"]
[BlackElo "1774"]
[PlyCount "83"]
[EventDate "2010.01.05"]
[EventType "swiss"]
[EventRounds "5"]
[EventCountry "CAN"]

1. d4 d5 2. c4 e6 3. Nc3 Nf6 4. cxd5 exd5 5. Bg5 Be7 6. Qc2 O-O 7. e3 Re8 8.
Bd3 h6 9. Bh4 Nc6 10. a3 Ng4 11. Bxe7 Rxe7 12. Nge2 a6 13. O-O Qd6 14. Ng3 h5
15. Bf5 h4 16. Bxg4 hxg3 17. Bxc8 gxh2+ 18. Kh1 Rxc8 19. Qf5 Rd8 20. g3 Re6 21.
Kxh2 Rh6+ 22. Kg2 g6 23. Qf4 Kg7 24. Rh1 Rxh1 25. Rxh1 Qxf4 26. gxf4 Na5 27. b4
Nc4 28. a4 b6 29. Rc1 Rd7 30. Nxd5 Nb2 31. Nc3 Kf6 32. b5 axb5 33. Nxb5 Nxa4
34. Nxc7 Ke7 35. Nb5 Rd5 36. Rb1 Kd7 37. Rb4 Kc6 38. Na7+ Kb7 39. Rxa4 b5 40.
Ra5 Rd7 41. Nxb5 Kb6 42. Ra7 1-0

[Event "2010 Calgary Reserves"]
[Site "Calgary"]
[Date "2010.01.26"]
[Round "4"]
[White "MacFie, Bob"]
[Black "Kalaydina, Nicka"]
[Result "1/2-1/2"]
[WhiteElo "1804"]
[BlackElo "1899"]
[PlyCount "52"]
[EventDate "2010.01.05"]
[EventType "swiss"]
[EventRounds "5"]
[EventCountry "CAN"]

1. e4 c5 2. Nf3 e6 3. Nc3 Nc6 4. Bb5 Nge7 5. d4 cxd4 6. Nxd4 a6 7. Nxc6 Nxc6 8.
Be2 Be7 9. O-O O-O 10. Bf3 Ne5 11. Be2 b5 12. Bf4 d6 13. Bxe5 dxe5 14. Qxd8
Rxd8 15. Rfd1 Bb7 16. f3 Bc5+ 17. Kf1 Bd4 18. a3 Rac8 19. Rd3 f5 20. Rad1 Rf8
21. exf5 exf5 22. f4 Bxc3 23. Rxc3 exf4 24. Rxc8 Rxc8 25. c3 Re8 26. Rd2 Re7
1/2-1/2

[Event "2010 Calgary Reserves"]
[Site "Calgary"]
[Date "2010.01.26"]
[Round "4"]
[White "McKay, Tom"]
[Black "Le Bigot, John M"]
[Result "1-0"]
[WhiteElo "1644"]
[BlackElo "1749"]
[PlyCount "109"]
[EventDate "2010.01.05"]
[EventType "swiss"]
[EventRounds "5"]
[EventCountry "CAN"]

1. e4 c5 2. Nf3 d6 3. d4 cxd4 4. Nxd4 Nf6 5. Nc3 g6 6. Bc4 Bg7 7. Bb3 O-O 8. f3
a6 9. Be3 Bd7 10. Qd2 b5 11. a3 Nc6 12. g4 Rc8 13. h4 Qa5 14. Ba2 Ne5 15. h5 e6
16. hxg6 fxg6 17. O-O-O Nc4 18. Bxc4 Rxc4 19. Nb3 Qc7 20. Qxd6 Qxd6 21. Rxd6
Rfc8 22. Bd2 Bf8 23. Rxa6 b4 24. axb4 Bxb4 25. Ra7 R4c7 26. Rxc7 Rxc7 27. Rd1
e5 28. Be1 g5 29. Na2 Bxe1 30. Rxe1 Be6 31. Re3 h5 32. gxh5 Nxh5 33. Nb4 Nf4
34. Nd5 Nxd5 35. exd5 Bxd5 36. Nd2 Re7 37. Ne4 Bxe4 38. Rxe4 Kg7 39. c4 Kf6 40.
b4 Rd7 41. Kc2 Kf5 42. c5 Ke6 43. Kc3 Kd5 44. Kb3 Ra7 45. Rg4 Rb7 46. Rxg5 Rf7
47. Rg3 Rf4 48. Ka4 e4 49. fxe4+ Rxe4 50. Kb5 Re8 51. Rd3+ Ke4 52. Rd1 Rb8+ 53.
Kc4 Ra8 54. c6 Ra2 55. Kc5 1-0

[Event "2010 Calgary Reserves"]
[Site "Calgary"]
[Date "2010.01.26"]
[Round "4"]
[White "Watson, Walter"]
[Black "Borowski, Ted"]
[Result "1-0"]
[WhiteElo "1952"]
[BlackElo "1557"]
[PlyCount "65"]
[EventDate "2010.01.05"]
[EventType "swiss"]
[EventRounds "5"]
[EventCountry "CAN"]

1. d4 d5 2. c4 e6 3. Nc3 Nf6 4. Bg5 c6 5. e3 Nbd7 6. cxd5 cxd5 7. Bd3 h6 8. Bh4
Be7 9. Nf3 O-O 10. O-O a6 11. a4 Re8 12. Rc1 Bd6 13. e4 e5 14. Bxf6 Nxf6 15.
dxe5 Bxe5 16. Nxe5 Rxe5 17. f4 Qb6+ 18. Kh1 Re8 19. Nxd5 Nxd5 20. exd5 Qd6 21.
Qf3 Qb4 22. b3 Qd4 23. Rfd1 Qf6 24. h3 Qd6 25. Rc4 Qb6 26. Be4 Rd8 27. Rdc1 f5
28. Bb1 Re8 29. Rc7 Re1+ 30. Rxe1 Qxc7 31. Re8+ Kh7 32. Bxf5+ g6 33. Qe3 1-0

[Event "2010 Calgary Reserves"]
[Site "Calgary"]
[Date "2010.01.26"]
[Round "4"]
[White "Wojtas, Artur"]
[Black "Bentley, Bill"]
[Result "1-0"]
[WhiteElo "1888"]
[BlackElo "1806"]
[PlyCount "107"]
[EventDate "2010.01.05"]
[EventType "swiss"]
[EventRounds "5"]
[EventCountry "CAN"]

1. e4 e6 2. d4 d5 3. Nd2 Be7 4. Ngf3 Nf6 5. e5 Nfd7 6. c3 c5 7. Bd3 Nc6 8. O-O
a5 9. Re1 c4 10. Bc2 b5 11. Nf1 Nb6 12. Bd2 b4 13. Qc1 a4 14. Bg5 Bd7 15. Ng3
b3 16. axb3 Bxg5 17. Nxg5 h6 18. Nf3 cxb3 19. Bd3 Na5 20. Nh5 Kf8 21. Qf4 Nac4
22. Rab1 Bb5 23. Qg3 g5 24. h4 Nd7 25. Qg4 Rg8 26. hxg5 Ncxe5 27. dxe5 Bxd3 28.
Nf6 Nxf6 29. Qb4+ Qe7 30. Qxe7+ Kxe7 31. gxf6+ Kd7 32. Rbd1 Bc2 33. Rd4 a3 34.
bxa3 Rgc8 35. c4 Rxc4 36. Rxc4 dxc4 37. Nd4 Bd3 38. Nxb3 Rxa3 39. Nc5+ Kc6 40.
Nxd3 Rxd3 41. Kf1 Kd5 42. g3 Kc5 43. Ke2 Rd5 44. f4 c3 45. Rd1 Rxd1 46. Kxd1 h5
47. Kc1 Kd5 48. Kc2 Ke4 49. Kxc3 h4 50. gxh4 Kxf4 51. Kd4 Kf5 52. h5 Kg5 53.
Kc5 Kxh5 54. Kd6 1-0

[Event "2010 Edmonton Championship"]
[Site "Edmonton"]
[Date "2010.01.28"]
[Round "2.2"]
[White "Pechenkin, Vladimir"]
[Black "Willis, Bradley"]
[Result "1-0"]
[WhiteElo "2380"]
[BlackElo "2106"]
[PlyCount "89"]
[EventDate "2010.01.07"]
[EventType "k.o."]
[EventRounds "4"]
[EventCountry "CAN"]

1. c4 Nf6 2. Nc3 g6 3. g3 d5 4. cxd5 Nxd5 5. Bg2 Nxc3 6. bxc3 Bg7 7. Rb1 O-O 8.
Rxb7 Bxb7 9. Bxb7 Nd7 10. Bxa8 Qxa8 11. Nf3 Ne5 12. O-O Nxf3+ 13. exf3 Rd8 14.
Qe2 e6 15. Ba3 Qd5 16. d4 e5 17. dxe5 Qxe5 18. Qxe5 Bxe5 19. Bc5 Bxc3 20. Rc1
Be5 21. f4 Bd4 22. Bxd4 Rxd4 23. Rxc7 a5 24. Rc3 Kf8 25. Ra3 a4 26. Re3 Rd2 27.
a3 Ra2 28. g4 h6 29. Kg2 Kg7 30. Kg3 Rb2 31. h3 Kf6 32. Kf3 Kg7 33. Rd3 Kf6 34.
Ke3 Ke6 35. f3 Rb5 36. Kd4 Rd5+ 37. Kc4 Rxd3 38. Kxd3 Kd5 39. Kc3 Kc5 40. h4 f5
41. gxf5 gxf5 42. h5 Kd5 43. Kb4 Kd4 44. Kxa4 Kc4 45. Ka5 1-0

[Event "2010 Edmonton Championship"]
[Site "Edmonton"]
[Date "2010.02.04"]
[Round "3.1"]
[White "Rekhson, Vladislav"]
[Black "Pechenkin, Vladimir"]
[Result "0-1"]
[WhiteElo "2210"]
[BlackElo "2380"]
[PlyCount "70"]
[EventDate "2010.01.07"]
[EventType "k.o."]
[EventRounds "4"]
[EventCountry "CAN"]

1. e4 Nf6 2. e5 Nd5 3. d4 d6 4. Nf3 dxe5 5. Nxe5 c6 6. Be2 Bf5 7. a3 Nd7 8.
Nxd7 Qxd7 9. c4 Nf6 10. Nc3 e6 11. O-O Bd6 12. Be3 h6 13. Rc1 O-O 14. h3 Bc7
15. c5 Rad8 16. Qa4 Bb8 17. b4 Ne4 18. Nxe4 Bxe4 19. b5 Qc7 20. g3 cxb5 21.
Qxb5 Bc6 22. Qb3 Qd7 23. Kh2 Bc7 24. f4 Bd5 25. Bc4 Qc6 26. Rb1 Bxc4 27. Qxc4
Qe4 28. Rfe1 Rd7 29. c6 bxc6 30. Rb7 Rb8 31. Rxa7 Rb2+ 32. Re2 Rxd4 33. Qa6
Rxe2+ 34. Qxe2 Rd3 35. Ra4 Qxe3 0-1

[Event "2010 Edmonton Championship"]
[Site "Edmonton"]
[Date "2010.02.11"]
[Round "3.2"]
[White "Pechenkin, Vladimir"]
[Black "Rekhson, Vladislav"]
[Result "1-0"]
[WhiteElo "2380"]
[BlackElo "2210"]
[PlyCount "85"]
[EventDate "2010.01.07"]
[EventType "k.o."]
[EventRounds "4"]
[EventCountry "CAN"]

1. Nf3 d5 2. g3 g6 3. Bg2 Bg7 4. O-O e5 5. d3 Ne7 6. e4 O-O 7. exd5 Nxd5 8. Re1
Nc6 9. Bg5 f6 10. Bd2 Bg4 11. Nc3 Nxc3 12. bxc3 Qd7 13. Qb1 b6 14. Qb3+ Kh8 15.
Qa4 Rad8 16. Kh1 a5 17. Rab1 Nb8 18. Qxd7 Rxd7 19. c4 Na6 20. Bc3 Nc5 21. Nd2
h5 22. Ne4 Ne6 23. c5 Rc8 24. cxb6 cxb6 25. Rxb6 Bf5 26. Re2 Bxe4 27. Bxe4 Rxc3
28. Rxe6 f5 29. Bc6 Rc7 30. Be8 Rxc2 31. Rxc2 Rxc2 32. Bxg6 Rxa2 33. Re8+ Bf8
34. Rxf8+ Kg7 35. Rxf5 Kxg6 36. Rxe5 a4 37. Kg2 a3 38. Ra5 Ra1 39. Kh3 a2 40.
f4 Kf6 41. Kh4 Kg6 42. d4 Rd1 43. Rxa2 1-0

[Event "2010 Edmonton Championship"]
[Site "Edmonton"]
[Date "2010.02.18"]
[Round "4.1"]
[White "Wang, Richard"]
[Black "Pechenkin, Vladimir"]
[Result "0-1"]
[WhiteElo "2120"]
[BlackElo "2335"]
[PlyCount "94"]
[EventDate "2010.01.07"]
[EventType "k.o."]
[EventRounds "4"]
[EventCountry "CAN"]

1. d4 f5 2. Nf3 e6 3. Bg5 Be7 4. Bxe7 Qxe7 5. c3 Nf6 6. Nbd2 d6 7. e3 O-O 8.
Bc4 Kh8 9. b4 e5 10. O-O e4 11. Ne1 d5 12. Be2 g5 13. Nc2 Be6 14. c4 c6 15. a3
Nbd7 16. c5 Rf7 17. b5 cxb5 18. Bxb5 Rg8 19. Rb1 Nf8 20. f3 Ng6 21. Qe1 exf3
22. Nxf3 Ne4 23. Bd3 g4 24. Bxe4 dxe4 25. Nd2 g3 26. Qxg3 f4 27. exf4 Nxf4 28.
Rxf4 Rxg3 29. hxg3 Rxf4 30. gxf4 Qh4 31. Nxe4 Qxf4 32. Nf2 Bf5 33. Rxb7 Bxc2
34. Rd7 Ba4 35. Rxa7 Qxd4 36. Rf7 Qxc5 37. Rf3 Bc6 38. Rg3 Qd4 39. Rd3 Qc5 40.
Rg3 h6 41. Rh3 Kh7 42. Rg3 h5 43. Rh3 Kg6 44. Rg3+ Kf7 45. Rh3 Qg5 46. g3 Qc1+
47. Kh2 Qd2 0-1

[Event "2010 Edmonton Championship"]
[Site "Edmonton"]
[Date "2010.02.25"]
[Round "4.2"]
[White "Pechenkin, Vladimir"]
[Black "Wang, Richard"]
[Result "1/2-1/2"]
[WhiteElo "2335"]
[BlackElo "2120"]
[PlyCount "36"]
[EventDate "2010.01.07"]
[EventType "k.o."]
[EventRounds "4"]
[EventCountry "CAN"]

1. e4 c5 2. c4 Nc6 3. Nc3 g6 4. g3 Bg7 5. Bg2 d6 6. d3 a6 7. Nge2 Rb8 8. a4 e6
9. O-O Nge7 10. Rb1 Bd7 11. Be3 Nd4 12. b4 cxb4 13. Bxd4 Bxd4 14. Nxd4 bxc3 15.
Qc2 Qa5 16. Ra1 O-O 17. Ne2 Rfc8 18. Qxc3 Qxc3 1/2-1/2

[Event "2010 Trumpeter Classic Junior"]
[Site "Grande Prairie"]
[Date "2010.01.16"]
[Round "1"]
[White "Alton, North"]
[Black "Williamson, Jacob"]
[Result "1-0"]
[WhiteElo "1186"]
[BlackElo "792"]
[PlyCount "49"]
[EventDate "2010.01.16"]
[EventType "swiss"]
[EventRounds "5"]
[EventCountry "CAN"]

1. e4 e5 2. Nf3 Bd6 3. Bc4 Nf6 4. Nc3 Nc6 5. O-O O-O 6. d4 Ng4 7. h3 Nf6 8.
dxe5 Nxe5 9. Nxe5 Bxe5 10. Bg5 d6 11. Bxf6 Qxf6 12. Nd5 Qe6 13. Nxc7 Qf6 14.
Nxa8 Qf4 15. g3 Qf5 16. exf5 Bxf5 17. Nc7 Bxh3 18. Re1 Bxb2 19. Rb1 Bc3 20. Re8
Bd7 21. Rxf8+ Kxf8 22. Qxd6+ Kg8 23. Qxd7 g6 24. Qxf7+ Kh8 25. Qg8# 1-0

[Event "2010 Trumpeter Classic Junior"]
[Site "Grande Prairie"]
[Date "2010.01.16"]
[Round "1"]
[White "Miller, David"]
[Black "Pradzinski, Stephanie"]
[Result "1-0"]
[WhiteElo "1686"]
[BlackElo "919"]
[PlyCount "101"]
[EventDate "2010.01.16"]
[EventType "swiss"]
[EventRounds "5"]
[EventCountry "CAN"]

1. e4 e5 2. f4 d6 3. Bc4 Be7 4. Nf3 Nc6 5. O-O Nf6 6. fxe5 Nxe4 7. exd6 cxd6 8.
Qe2 Bf5 9. d3 d5 10. dxe4 Bxe4 11. Bd3 Bc5+ 12. Kh1 O-O 13. Bxe4 dxe4 14. Rd1
Qf6 15. Ng5 h6 16. Nxe4 Qf5 17. Nxc5 Rae8 18. Qf1 Re5 19. Qxf5 Rxf5 20. Nd3 Re8
21. Nd2 Re2 22. Nf3 Rf6 23. Bd2 Rg6 24. g3 Rg4 25. Re1 Ree4 26. Rxe4 Rxe4 27.
Re1 Rg4 28. Nfe5 Nxe5 29. Rxe5 Rd4 30. Re8+ Kh7 31. Re7 f6 32. Rxb7 Kg6 33. Kg2
Rg4 34. Bf4 Rg5 35. Bxg5 hxg5 36. c4 a5 37. c5 Kh5 38. c6 Kg4 39. h3+ Kf5 40.
c7 g4 41. c8=Q+ Kg5 42. h4+ Kh6 43. Qh8+ Kg6 44. Qxg7+ Kf5 45. Rb5+ Ke4 46.
Qg6+ Kd4 47. Qf5 Ke3 48. Qf4+ Kxd3 49. Rb3+ Ke2 50. Qf2+ Kd1 51. Re3 1-0

[Event "2010 Trumpeter Classic Junior"]
[Site "Grande Prairie"]
[Date "2010.01.16"]
[Round "1"]
[White "Williamson, Austin"]
[Black "Pradzinski, Alex"]
[Result "0-1"]
[WhiteElo "875"]
[BlackElo "1230"]
[PlyCount "112"]
[EventDate "2010.01.16"]
[EventType "swiss"]
[EventRounds "5"]
[EventCountry "CAN"]

1. d4 e6 2. e4 Nc6 3. Nf3 d5 4. e5 f6 5. Bb5 a6 6. Bxc6+ bxc6 7. exf6 Qxf6 8.
Bg5 Qf5 9. O-O h6 10. Be3 Bd6 11. g3 Nf6 12. Nc3 O-O 13. Qd3 Ng4 14. Qxf5 Rxf5
15. Rfe1 Rxf3 16. Bxh6 gxh6 17. Kg2 Rf5 18. Ne4 dxe4 19. Rxe4 Nf6 20. Rh4 h5
21. c4 c5 22. dxc5 Bxc5 23. f4 Bb7+ 24. Kh3 Be3 25. Re1 Bd4 26. Rxe6 Re8 27.
Rxe8+ Nxe8 28. g4 Rxf4 29. Rxh5 Rf3+ 30. Kg2 Rf5+ 31. Kh3 Rxh5+ 32. gxh5 Bxb2
33. Kg4 Kg7 34. Kg5 Bc1+ 35. Kf5 Kh6 36. Ke6 Kxh5 37. Kd7 Bf4 38. Kxe8 c5 39.
Kd7 a5 40. a4 Bxh2 41. Ke6 Kg5 42. Kd7 Kf5 43. Kd8 Ke4 44. Ke7 Kd4 45. Ke6 Kxc4
46. Kf5 Kb4 47. Kg4 c4 48. Kh3 Bb8 49. Kh4 c3 50. Kh5 c2 51. Kh4 c1=Q 52. Kh5
Qh1+ 53. Kg6 Bc8 54. Kf7 Qh6 55. Ke8 Qg7 56. Kd8 Qd7# 0-1

[Event "2010 Trumpeter Classic Junior"]
[Site "Grande Prairie"]
[Date "2010.01.16"]
[Round "2"]
[White "Steeves, Carter"]
[Black "Williamson, Austin"]
[Result "0-1"]
[WhiteElo "1002"]
[BlackElo "875"]
[PlyCount "36"]
[EventDate "2010.01.16"]
[EventType "swiss"]
[EventRounds "5"]
[EventCountry "CAN"]

1. f3 e5 2. e3 Bc5 3. Bd3 Nf6 4. Nc3 Bb4 5. h3 Bxc3 6. bxc3 O-O 7. Ba3 d6 8. g3
Be6 9. Rb1 b6 10. Qc1 Nc6 11. Qb2 Nh5 12. f4 Nxg3 13. Rc1 Nxh1 14. Bf1 Qh4+ 15.
Kd1 Bg4+ 16. Be2 Bxe2+ 17. Kxe2 Qf2+ 18. Kd1 Qf1# 0-1

[Event "2010 Trumpeter Classic Junior"]
[Site "Grande Prairie"]
[Date "2010.01.16"]
[Round "2"]
[White "Thibeault, Trevor"]
[Black "Miller, David"]
[Result "0-1"]
[WhiteElo "1000"]
[BlackElo "1686"]
[PlyCount "40"]
[EventDate "2010.01.16"]
[EventType "swiss"]
[EventRounds "5"]
[EventCountry "CAN"]

1. e4 c5 2. Nc3 d6 3. Bc4 Nf6 4. d3 g6 5. Nf3 Bg7 6. Bg5 h6 7. Bxf6 Bxf6 8. O-O
Nc6 9. Bb5 Bd7 10. Bxc6 Bxc6 11. Qe2 Qb6 12. e5 Bxf3 13. Qxf3 Bxe5 14. Rfe1
Qxb2 15. Qxb7 Qxb7 16. Rab1 Bxc3 17. Rxb7 Bxe1 18. Rb1 Bc3 19. h3 O-O 20. Re1
Bxe1 0-1

[Event "2010 Trumpeter Classic Junior"]
[Site "Grande Prairie"]
[Date "2010.01.16"]
[Round "2"]
[White "Venance, Murray"]
[Black "Alton, North"]
[Result "0-1"]
[WhiteElo "402"]
[BlackElo "1186"]
[PlyCount "24"]
[EventDate "2010.01.16"]
[EventType "swiss"]
[EventRounds "5"]
[EventCountry "CAN"]

1. e3 e5 2. Bb5 a6 3. Bc4 Bc5 4. Qf3 Nf6 5. Bd3 O-O 6. Qg4 Nxg4 7. Nf3 Qe7 8.
Bc4 e4 9. Ng5 Qxg5 10. O-O d5 11. Bb5 Qh5 12. d3 Qxh2# 0-1

[Event "2010 Trumpeter Classic Junior"]
[Site "Grande Prairie"]
[Date "2010.01.16"]
[Round "3"]
[White "Alton, North"]
[Black "Thibeault, Trevor"]
[Result "0-1"]
[WhiteElo "1186"]
[BlackElo "1000"]
[Annotator "Pradzinski,Tim"]
[PlyCount "53"]
[EventDate "2010.01.16"]
[EventType "swiss"]
[EventRounds "5"]
[EventCountry "CAN"]

1. e4 e5 2. Nf3 Nc6 3. Bc4 d6 4. O-O Bg4 5. h3 Bxf3 6. Qxf3 f6 7. Qb3 Nd4 8.
Bf7+ Ke7 9. Qd5 c6 10. Qc4 b5 11. Qb4 Nxc2 12. Qb3 Nd4 13. Qg3 Ne2+ 14. Kh2
Nxg3 15. fxg3 Kxf7 16. d3 Nh6 17. Nc3 g5 18. Be3 g4 19. h4 d5 20. d4 exd4 21.
Bxd4 dxe4 22. Rxf6+ Kg7 23. Rd6+ Kg8 24. Rxd8 Rxd8 25. Bf6 Rd3 26. Bxh8 Kxh8
27. Nxe4 {No more moves were recorded as White had less than 5 minutes to
complete the remainder of his moves. However, North gave a good fight in the
endgame but eventually lost out to Trevor.} 0-1

[Event "2010 Trumpeter Classic Junior"]
[Site "Grande Prairie"]
[Date "2010.01.16"]
[Round "3"]
[White "Miller, David"]
[Black "Pradzinski, Alex"]
[Result "1-0"]
[WhiteElo "1686"]
[BlackElo "1230"]
[PlyCount "55"]
[EventDate "2010.01.16"]
[EventType "swiss"]
[EventRounds "5"]
[EventCountry "CAN"]

1. e4 e6 2. d4 d6 3. Nf3 Be7 4. Bc4 Nf6 5. Nc3 c6 6. O-O O-O 7. e5 Nd5 8. Nxd5
exd5 9. exd6 Bxd6 10. Bd3 h6 11. Be3 Re8 12. Qd2 Nd7 13. Bxh6 f6 14. Bf4 Qe7
15. Rfe1 Qxe1+ 16. Rxe1 Rxe1+ 17. Nxe1 Be7 18. Qe3 Kf7 19. Bg6+ Kxg6 20. Qxe7
Nb6 21. Nf3 Bg4 22. Nh4+ Kh7 23. h3 Bh5 24. g4 Be8 25. g5 fxg5 26. Be5 Bf7 27.
Qxf7 Rg8 28. Qh5# 1-0